000 00451nam a2200145Ia 4500
008 210716s2003 xx 000 0 und d
041 _aeng
082 _a658.421 GARV
100 _aGarg, Vinod Kumar;Venkitakrishnan, N K.
245 _aEnterprise resource planning: concepts and practice.
_bConcepts and practice.
250 _a2
260 _aNew Delhi
_bPrentice Hall of India PVt Ltd
_c2003
300 _axii,185
650 _aEnterprise Resources
999 _c197676
_d197676